000
00279nam a2200121Ia 4500
005
20251222154402.0
008
251222s9999||||xx |||||||||||||| ||spa||
020
_a
84-7561-046-3
082
_a
848.8/V53I
100
_a
"Verne, Julio"
245
0
_a
La isla milagrosa
942
_c
LIB
999
_c
35342
_d
35342